Top 25 Most Memorable People Born in Australia - Statistics

General Stats
  • This quiz has been taken 16 times
  • The average score is 5 of 25
Answer Stats
Occupation Name % Correct
Actor Chris Hemsworth
80%
Businessperson Rupert Murdoch
60%
Actor Hugh Jackman
47%
Tennis Player Rod Laver
40%
Presenter Steve Irwin
40%
Actor Cate Blanchett
33%
Actor Geoffrey Rush
27%
Racing Driver Jack Brabham
27%
Tennis Player Margaret Court
27%
Actor Margot Robbie
27%
Actor Heath Ledger
20%
Actor Paul Hogan
13%
Philosopher Peter Singer
13%
Actor Errol Flynn
7%
Journalist Julian Assange
7%
Physicist Lawrence Bragg
7%
Physicist Alexander Prokhorov
0%
Writer Colleen McCullough
0%
Biologist Elizabeth Blackburn
0%
Psychologist Elton Mayo
0%
Actor George Lazenby
0%
Physician John Eccles
0%
Actor Lionel Logue
0%
Religious Figure Truganini
0%
Archaeologist V. Gordon Childe
0%
No matching quizzes found
Score Distribution
Percent of People with Each Score
Percentile by Number Answered
Your Score History
You have not taken this quiz